Passions no ben vistes (Record no. 8568)

MARC details
000 - LÍDER
campo de control de longitud fija 00584nam a2200181Ia 4500
008 - ELEMENTOS DE DATOS DE LONGITUD FIJA - INFORMACIÓN GENERAL
campo de control de longitud fija 0000001996 sp a 0000000000spa00
090 ## - NÚMERO DE LLAMADA DE TIPO LC LOCALMENTE ASIGNADO (OCLC)
Número de clasificación (OCLC) (R) PSP00 P17p
100 1# - ENTRADA PRINCIPAL - NOMBRE PERSONAL
Nombre de la persona Pascual Rodrigo, ángel
Fechas asociadas a un nombre 1951
245 10 - TÍTULO DECLARACIÓN
Título Passions no ben vistes
Declaración de responsabilidad / Angel Rascual Rodrigo
260 ## - PUBLICACIÓN, DISTRIBUCIÓN
Lugar de publicación Barcelona : Quart Galería
Fecha de publicación 1996
300 ## - DESCRIPCIÓN FÍSICA
Alcance [12] p.
Dimensiones / 12 cm.
600 00 - ENTRADA DE SUJETO AÑADIDO - NOMBRE PERSONAL
Nombre de la persona PASCUAL RODRIGO, ANGEL, 1951/
Subdivisión general TRABAJOS PICTORICOS
650 14 - ENTRADA DE SUJETO AÑADIDO - TÉRMINO TÓPICO
Término tópico o elemento de entrada del nombre geográfico ARTE CONTEMPORANEO ESPAÑOL
650 14 - ENTRADA DE SUJETO AÑADIDO - TÉRMINO TÓPICO
Subdivisión general CATALOGOS
650 14 - ENTRADA DE SUJETO AÑADIDO - TÉRMINO TÓPICO
Subdivisión general EXPOSICIONES
650 14 - ENTRADA DE SUJETO AÑADIDO - TÉRMINO TÓPICO
Término tópico o elemento de entrada del nombre geográfico PINTORES ESPAÑOLES
650 14 - ENTRADA DE SUJETO AÑADIDO - TÉRMINO TÓPICO
Término tópico o elemento de entrada del nombre geográfico PINTURA ESPAÑOLA
Holdings
Estado de retirada Pérdida de estatus Estado dañado No para préstamo Código de recogida Ubicación permanente Ubicación actual Ubicación de las estanterías Fecha de adquisición Número de llamada completo Código de barras Fecha de la última vez que se vio Número de copia Precio efectivo desde Tipo de artículo Koha
        General ArtNexus ArtNexus General 06/09/2022 P-SP-00 P17P 8573 06/09/2022 Ej.1 06/09/2022 Libro

Powered by Koha